{"text_format":"3","workbook":"xls","n_sheets":1,"sheets":["报价"],"read":"whole","date_system":"1900","formulas":"cached_only"}

{"sheet":"报价","index":0,"n_rows":22,"n_cols":8,"rows_kept":22,"merged":[[0,0,0,7],[1,5,1,7],[2,0,2,1],[2,2,2,7],[3,0,3,1],[3,2,3,7],[4,2,4,7],[5,2,5,7],[6,2,6,7],[7,2,7,7],[8,2,8,7],[9,2,9,3],[9,4,9,7],[10,2,10,7],[11,0,20,0],[11,1,20,1],[13,2,14,2],[15,2,17,2],[20,3,20,6],[21,3,21,7]],"flags":["formulas_cached_only"]}
["医用门工程报价单"]
[{"$nulls":5},"                                     日期：2017年06月30日"]
["工程名称"]
["工程地址",null,"郑州"]
["序号","项目","内  容"]
[1,"钢结构","横梁采用镀锌钢材焊接而成并进行抛光、打磨，所有钢结构进入工地前都经过防锈处理。"]
[2,"内衬板","钢结构生根连接完毕表层采用细木工板衬面，保证了横梁尺寸的精细度。为表面处理做好了基础工作。"]
[3,"饰面处理","采用GB1.2mm北京大阳板，颜色黑色，刨槽工艺，密封舱顶棚部分采用GB1.35mm厚铝板喷涂","表面采用标签1.5㎜拉丝不锈钢板，刨槽工艺。"]
[4,"门体","门体为60框不锈钢门体，内衬方管；门体所用玻璃均为10mm钢化玻璃，上亮采用12nn钢化玻璃。","门体所用玻璃均为10mm钢化玻璃。"]
[5,"设备说明","Panasonic松下自动门控制设备\n电源：AC220V～AC250V\n马达：DC24V50W 无碳刷直流\n开门速度：14～44cm/s，可调\n关门速度：9～40cm/s，可调\n开放时间：0～9s\n停电时手动开关力：2㎏f",null,"       Panasonic松下自动门于1983年投放中国市场，其以高品质、中档价格引领着中国的自动门市场潮流。\n       设备设计精美、安装简易、施工方便、功能健全，通过遥控器可解读40余种运行模式，是世界上唯一一家通过遥控器设置门体运行状态的产品。\n"]
[6,"供货期","制作准备期12天，施工安装期3天。"]
[7,"报价明细","名称","型号","数量","单位","单价","小计"]
[null,null,"设备部分","松下120自动门设备",2,"套",{"v":7200,"d":"7200.00"},{"v":14400,"d":"14,400.00"}]
[null,null,"门体配套部分","门体及立柱横梁展开部分",149.98,"㎡",{"v":320,"d":"320.00"},{"v":47993.6,"d":"47,993.60"}]
[{"$nulls":3},"顶棚部分",30.78,"㎡",{"v":310,"d":"310.00"},{"v":9541.8,"d":"9,541.80"}]
[null,null,"五金部分","多玛BTS84地弹簧",{"v":12,"d":"12.00"},"台",{"v":260,"d":"260.00"},{"v":3120,"d":"3,120.00"}]
[{"$nulls":3},"欧款通拉手",{"v":12,"d":"12.00"},"付",{"v":400,"d":"400.00"},{"v":4800,"d":"4,800.00"}]
[{"$nulls":3},"311地锁",{"v":12,"d":"12.00"},"把",{"v":235,"d":"235.00"},{"v":2820,"d":"2,820.00"}]
[null,null,"运费",null,null,"车",{"v":1200,"d":"1200.00"},{"v":1200,"d":"1,200.00"}]
[null,null,"小计"]
[null,null,"税金"]
[8,"工程总造价（RMB）",null,"83874元"]